1043 1178 1076 1724 1157 1681 1215 1970 1487 1874 1808 1309 1862 1716 1505 1314 1734 1341 1208 1098 1810 1462 1181 1491 1399 1574 1792 1824 1937 1438 1872 1990 1245 1414 1397 1819 1291 1232 1713 1141 1087 1317 1599 1532 1680 1978 1723 1155 1299 1421 1082 1903 1521 1846 1858 1344 1703 1824 1803 1839 1326 1033 1785 1016 1759 1781 1677 1214 1818 1432 1048 1621 1438 1053 1800 1723 1708 1174 1946 1576 1627 1545 1039 1503 1821 1533 1711 1620 1598 1389 1564 1523 1868 1764 1888 1517 1697 1820 1823 BCNSPRNW ULIB Ver.6.0+V

เปลี่ยนเป็นภาษาไทย

Change to English
 แสดงรายละเอียดบรรณานุกรม
  กลับหน้าหลัก

Brief Record : Get Marc (ISO 2709) : E-mail record : QR code < ปิดหน้าต่าง
LEADER : 00000nam 2200000uu 4500
001    13399120024
003     ULIB
008    120822s2550||||th 000 0 tha d
020    ^a9789742243937
090    ^aนว.^bต842ค
100 0  ^aมายณีย์
245 00 ^aคุ้งตะเคียน/^cมายณีย์
250    ^aพิมพ์ครั้งที่ 1
260    ^aกรุงเทพฯ :^bGasib
945    ^p185^l0^i15313
995    ^aกัณชพร
999 ^a ใช้งานได้ทุกระบบ
รายการนี้ยังไม่มีแท็ก
คุณยังไม่ได้ล็อกอิน คุณสามารถมีกิจกรรมร่วมกับเว็บไซต์ได้ แต่ต้องล็อกอินก่อน ::
  ล็อกอิน

รายการสื่อสารสนเทศ

ลำดับที่ ประเภท เลขเรียก/บาร์โค้ด สถานที่ สถานะ
1. นวนิยาย
นวนิยาย
นว. ต842ค  
  Barcode: 15313
ห้องสมุดวิทยาเขตสวรรค์ประชารักษ์
►นวนิยาย
ถูกยืม กำหนดส่งวันที่ 16 ธันวาคม 2559
  จอง

BibComment


ยังไม่เคยถูกคอมเมนท์

คอมเมนท์ทรัพยากรรายการนี้
  คอมเมนท์: คุ้งตะเคียน มายณ..


 Copyright 2026. Bcnsprnw @Library